<?xml version="1.0" encoding="UTF-8"?><?xml-stylesheet type="text/xsl" href="static/style.xsl"?><OAI-PMH xmlns="http://www.openarchives.org/OAI/2.0/" xmlns:xsi="http://www.w3.org/2001/XMLSchema-instance" xsi:schemaLocation="http://www.openarchives.org/OAI/2.0/ http://www.openarchives.org/OAI/2.0/OAI-PMH.xsd"><responseDate>2026-06-01T18:09:36Z</responseDate><request verb="GetRecord" identifier="oai:riubu.ubu.es:10259/5111" metadataPrefix="marc">https://riubu.ubu.es/oai/request</request><GetRecord><record><header><identifier>oai:riubu.ubu.es:10259/5111</identifier><datestamp>2023-10-09T07:14:49Z</datestamp><setSpec>com_10259_5088</setSpec><setSpec>com_10259_2728</setSpec><setSpec>col_10259_2764</setSpec></header><metadata><record xmlns="http://www.loc.gov/MARC21/slim" xmlns:doc="http://www.lyncode.com/xoai" xmlns:xsi="http://www.w3.org/2001/XMLSchema-instance" xmlns:dcterms="http://purl.org/dc/terms/" xsi:schemaLocation="http://www.loc.gov/MARC21/slim http://www.loc.gov/standards/marcxml/schema/MARC21slim.xsd">
<leader>00925njm 22002777a 4500</leader>
<datafield tag="042" ind1=" " ind2=" ">
<subfield code="a">dc</subfield>
</datafield>
<datafield tag="720" ind1=" " ind2=" ">
<subfield code="a">Cuesta Peñayos, Francisco Javier</subfield>
<subfield code="e">author</subfield>
</datafield>
<datafield tag="520" ind1=" " ind2=" ">
<subfield code="a">En este Trabajo Fin de Master se desarrolla y analiza el proyecto de innovación educativa denominado Let´s have a funny learning!, el cual se ha implementado durante la asignatura del Practicum del presente Máster en el IES Diego Marín Aguilera, Burgos, España. Dicho proyecto ha sido puesto en marcha en una clase de 1º de Educación Secundaria Obligatoria (E.S.O.) bilingüe durante tres semanas; con la finalidad de poner en práctica un conjunto de metodologías activas: gamificación, uso de las Tecnologías de la Información y la Comunicación (TIC), Aprendizaje Integrado de Contenidos y Lenguas extranjeras (AICLE), Aprendizaje Basado en Proyectos (ABP) y Aprendizaje Cooperativo (AC).&#xd;
Así pues, la finalidad de este TFM es exponer una experiencia de innovación educativa real en el campo de la enseñanza del inglés; utilizándola para indagar y analizar el impacto de las metodologías activas en el aprendizaje de los estudiantes.</subfield>
</datafield>
<datafield tag="520" ind1=" " ind2=" ">
<subfield code="a">This dissertation develops and analyses an educational innovation project called Let's have a funny learning!, which was implemented during the Practicum´s subject of the present Master at the IES Diego Marín Aguilera, Burgos, Spain. This project has been put into effect for two weeks in a 1º bilingual class of Secondary Education; with the purpose of putting into practice a set of active methodologies: gamification, use of Information and Communication Technologies (ICT), Content and Language Integrated Learning (CLIL), Project Based Learning (PBL) and Cooperative Learning (CL)&#xd;
In this way, the purpose of this dissertation consist on presenting an experience of real educational innovation in the field of English teaching; using it to investigate and analyze the impact of active methodologies on student learning.</subfield>
</datafield>
<datafield tag="024" ind2=" " ind1="8">
<subfield code="a">http://hdl.handle.net/10259/5111</subfield>
</datafield>
<datafield ind1=" " ind2=" " tag="653">
<subfield code="a">metodologías activas</subfield>
</datafield>
<datafield ind1=" " ind2=" " tag="653">
<subfield code="a">aprendizaje cooperativo</subfield>
</datafield>
<datafield ind1=" " ind2=" " tag="653">
<subfield code="a">AICLE</subfield>
</datafield>
<datafield ind1=" " ind2=" " tag="653">
<subfield code="a">ABP</subfield>
</datafield>
<datafield ind1=" " ind2=" " tag="653">
<subfield code="a">gamificación</subfield>
</datafield>
<datafield ind1=" " ind2=" " tag="653">
<subfield code="a">active methodologies</subfield>
</datafield>
<datafield ind1=" " ind2=" " tag="653">
<subfield code="a">cooperative learning</subfield>
</datafield>
<datafield ind1=" " ind2=" " tag="653">
<subfield code="a">CLIL</subfield>
</datafield>
<datafield ind1=" " ind2=" " tag="653">
<subfield code="a">PBL</subfield>
</datafield>
<datafield ind1=" " ind2=" " tag="653">
<subfield code="a">gamification</subfield>
</datafield>
<datafield tag="245" ind1="0" ind2="0">
<subfield code="a">Proyecto de innovación educativa en la enseñanza del inglés como lengua extranjera mediante el uso de metodologías activas: “let´s have a funny learning”</subfield>
</datafield>
</record></metadata></record></GetRecord></OAI-PMH>